000
00309nam a2200109Ia 4500
008
200302s9999 xx 000 0 und d
100
_a
Philip D. Plowright
245
_a
Revealing Architectural Design Methods, Frameworks and Tools
260
_b
Routledge Taylor & Francis Group
260
_c
2014
300
_a
338
999
_c
3625
_d
3625